| 000 | 01213cam a22002654a 4500 | ||
|---|---|---|---|
| 999 |
_c126675 _d126675 |
||
| 001 | 14179141 | ||
| 003 | ARRUPE | ||
| 005 | 20170821111113.0 | ||
| 008 | 051123s2006 miu b 000 0 eng | ||
| 010 | _a 2005033664 | ||
| 020 | _a0802826903 (pbk. : alk. paper) | ||
| 035 | _a(OCoLC)ocm62393053 | ||
| 040 |
_aDLC _cDLC _dYDX _dBAKER _dRRR _dDLC |
||
| 042 | _apcc | ||
| 050 | 0 | 0 |
_aBT764.3 _b.G67 2006 |
| 082 | 0 | 0 |
_a234/.7 _222 |
| 245 | 0 | 4 |
_aThe Gospel of justification in Christ : _bwhere does the church stand today? / _cedited by Wayne C. Stumme. |
| 260 |
_aGrand Rapids, Mich. : _bW.B. Eerdmans Pub. Co., _cc2006. |
||
| 300 |
_ax, 182 p. ; _c23 cm. |
||
| 504 | _aIncludes bibliographical references. | ||
| 650 | 0 |
_aJustification (Christian theology) _xHistory of doctrines. _934827 |
|
| 700 | 1 |
_aStumme, Wayne, _d1929- _934828 |
|
| 906 |
_a7 _bcbc _corignew _d1 _eecip _f20 _gy-gencatlg |
||
| 942 |
_2lcc _cMONOGRAPH |
||